موسوعة الطيور فى العالم / (Record no. 48464)
[ view plain ]
| 000 -الفاتح | |
|---|---|
| حقل البيانات ثابتة الطول | 00897nam a2200217Ia 4500 |
| 005 - وقت وتاريخ اخر تعامل مع التسجيلة | |
| رقم الضبط | 20240530104535.0 |
| 008 - عناصر البيانات ثابتة الطول - معلومات عامة | |
| حقل البيانات ثابتة الطول | 140319s9999 xx 000 0 ara d |
| 040 ## - مصدر الفهرسة | |
| وكالة الفهرسة الأصلية | GCL / |
| وكالة النسخ | GCL |
| 082 04 - رقم تصنيف ديوى العشرى | |
| رقم التصنيف | 598.2 |
| رقم المادة | ع م |
| 100 0# - المدخل الرئيسى - إسم شخصى | |
| الإسم الشخصى | عدد من العلماء والباحثين |
| 245 10 - بيان العنوان | |
| العنوان | موسوعة الطيور فى العالم / |
| بيان المسئوليه,etc | تاليف عدد من العلماء والباحثين ؛ اعداد زويا ميخائيلينكو ؛ ترجمة سميح شيا ؛ اشراف ومراجعة وتدقيق ماجد علاءالدين |
| 300 ## - الوصف المادى | |
| التعداد | 583 ص |
| 490 ## - بيان السلسلة | |
| عنوان السلسلة | الهيئة العامة للاستعلامات |
| رقم المجلد/ التعيين التسلسلي | 0 |
| 650 04 - المدخل الاضافى بالموضوع-مصطلح موضوعى | |
| مصطلح موضوعي | الطيور |
| 650 04 - المدخل الاضافى بالموضوع-مصطلح موضوعى | |
| مصطلح موضوعي | الطيور - موسوعات |
| 700 1# - المدخل الاضافى - اسم شخصى | |
| الإسم الشخصى | ميخائيلينكو,زويا |
| الدور | معد |
| 700 1# - المدخل الاضافى - اسم شخصى | |
| الإسم الشخصى | سميح شيا |
| الدور | مترجم |
| 700 1# - المدخل الاضافى - اسم شخصى | |
| الإسم الشخصى | ماجد علاءالدين |
| الدور | مشرف ومراجع |
| 942 ## - عناصر المدخل الإضافي( كوها) | |
| مصدر التصنيف او مخطط الترفيف | Dewey Decimal Classification |
| Koha [default] item type | كتاب |
| حالة التراجع | حالة الفقد | حالة تلف | ليس للاعارة | المكان المؤقت | الموقع الحالى | تاريخ الاكتساب | اجمالي اﻻعارات | رقم الطلب | الباركود | تاريخ اخر مشاهدة | تاريخ تفعيل السعر | نوع وعاء كوها |
|---|---|---|---|---|---|---|---|---|---|---|---|---|
| مكتبة القاهرة الكبرى | مكتبة القاهرة الكبرى | 03/26/2014 | 598.2\ع م | 117044 | 03/26/2014 | 03/26/2014 | كتاب | |||||
| مكتبة القاهرة الكبرى | مكتبة القاهرة الكبرى | 03/26/2014 | 598.2\ع م | 117045 | 03/26/2014 | 03/26/2014 | كتاب |

